[Event "Wch Seniors 50 30th"]
[Site "Assisi"]
[Date "2022.11.19"]
[Round "5"]
[White "Mordiglia, Riccardo"]
[Black "Paglietti, Nicola"]
[Result "0-1"]
[WhiteElo "2110"]
[BlackElo "2194"]
[PlyCount "68"]
[EventDate "2022.11.15"]
[EventType "swiss"]
[EventRounds "11"]
[EventCountry "ITA"]
[SourceTitle "CBM 211 Extra"]
[Source "ChessBase"]
[SourceDate "2023.01.31"]
[SourceVersion "1"]
[SourceVersionDate "2023.01.31"]
[SourceQuality "1"]

1. d4 Nf6 2. Nc3 d5 3. e4 dxe4 4. f3 exf3 5. Nxf3 Bg4 6. h3 Bxf3 7. Qxf3 c6 8. Be3 e6 9. Bd3 Bb4 10. 0-0 Bxc3 11. bxc3 Qd5 12. Qf4 0-0 13. g4 Nbd7 14. c4 Qa5 15. g5 Nh5 16. Qe4 g6 17. Rf3 Rae8 18. Rb1 Qc7 19. Kg2 e5 20. dxe5 Nxe5 21. Bf4 Nxf4+ 22. Qxf4 Qa5 23. Rf2 b6 24. Qc1 Qc5 25. Qf4 Rd8 26. Re1 Nxd3 27. cxd3 Rxd3 28. Re8 Qxf2+ 29. Qxf2 Rxe8 30. Qf6 Rd2+ 31. Kf3 Re6 32. Qf4 Rxa2 33. h4 c5 34. h5 gxh5 0-1

[Event "Rome Lazio op 28th"]
[Site "Rome"]
[Date "2021.11.19"]
[Round "1"]
[White "Paglietti, Nicola"]
[Black "Vietri, Michele"]
[Result "1-0"]
[WhiteElo "2166"]
[BlackElo "1586"]
[PlyCount "65"]
[EventDate "2021.11.19"]
[EventType "swiss"]
[EventRounds "5"]
[EventCountry "ITA"]
[SourceTitle "CBM 205 Extra"]
[Source "ChessBase"]
[SourceDate "2022.01.31"]
[SourceVersion "1"]
[SourceVersionDate "2022.01.31"]
[SourceQuality "1"]

1. Nf3 Nf6 2. c4 c5 3. Nc3 g6 4. g3 Bg7 5. Bg2 0-0 6. 0-0 Nc6 7. d4 cxd4 8. Nxd4 Nxd4 9. Qxd4 d6 10. Qd3 a6 11. Rd1 Qc7 12. Bf4 Be6 13. b3 Rac8 14. Rac1 Rfd8 15. h3 Nh5 16. Bd2 Nf6 17. e4 Nd7 18. f4 Nc5 19. Qe2 Bd7 20. Nd5 Qb8 21. Nxe7+ Kh8 22. Nxc8 Qxc8 23. Kh2 Bc6 24. Bc3 Qe6 25. Bxg7+ Kxg7 26. e5 Re8 27. Bxc6 bxc6 28. Qf2 Ne4 29. Qd4 d5 30. cxd5 cxd5 31. Qxd5 Qf5 32. Qd4 Kg8 33. Re1 1-0

[Event "ITA-ch sf"]
[Site "Saint Vincent"]
[Date "2008.07.21"]
[Round "2"]
[White "Genocchio, Daniele"]
[Black "Paglietti, Nicola"]
[Result "1-0"]
[WhiteElo "2420"]
[BlackElo "2273"]
[PlyCount "71"]
[EventDate "2008.07.19"]
[EventType "swiss"]
[EventRounds "9"]
[EventCountry "ITA"]
[SourceTitle "EXT 2009"]
[Source "ChessBase"]
[SourceDate "2008.11.26"]
[SourceVersion "1"]
[SourceVersionDate "2008.11.26"]
[SourceQuality "1"]

1. d4 b6 2. e4 Bb7 3. Nc3 e6 4. Bf4 Bb4 5. Bd3 d5 6. exd5 Nf6 7. Bb5+ Ke7 8. Qd2 Ne4 9. d6+ Nxd6 10. Bd3 Bxg2 11. Bxd6+ Kxd6 12. Ne4+ Kd7 13. Qxb4 Bxh1 14. 0-0-0 Kc8 15. f3 Qh4 16. Qd2 Rd8 17. c3 a5 18. Ng3 a4 19. Nxh1 Ra5 20. f4 g5 21. f5 g4 22. Qf4 h5 23. Nf3 Qe7 24. Ne5 f6 25. Nc4 e5 26. dxe5 Rad5 27. Nf2 b5 28. exf6 Qxf6 29. Ne3 R5d7 30. a3 c6 31. Ne4 Qf8 32. Bc2 Rxd1+ 33. Nxd1 Nd7 34. Nd6+ Kc7 35. Ne8+ Kb6 36. Qc7+ 1-0

[Event "ITA-ch sf 66th"]
[Site "Cortina d'Ampezzo"]
[Date "2006.07.16"]
[Round "9.10"]
[White "Ubezio, Marco"]
[Black "Paglietti, Nicola"]
[Result "1-0"]
[WhiteElo "2161"]
[BlackElo "2293"]
[PlyCount "77"]
[EventDate "2006.07.09"]
[EventType "swiss"]
[EventRounds "9"]
[EventCountry "ITA"]
[SourceTitle "EXT 2023"]
[Source "ChessBase"]
[SourceDate "2022.10.05"]
[SourceVersion "1"]
[SourceVersionDate "2022.10.05"]
[SourceQuality "1"]

1. d4 Nf6 2. Bg5 g6 3. Bxf6 exf6 4. c4 Bg7 5. Nc3 f5 6. g3 d6 7. Bg2 0-0 8. e3 c6 9. Nge2 Nd7 10. 0-0 Nf6 11. Qc2 Re8 12. b4 Bd7 13. b5 Qc7 14. bxc6 Bxc6 15. Bxc6 Qxc6 16. Qb3 Qf3 17. Nf4 Qc6 18. Rab1 b6 19. Nfd5 Ne4 20. Nxe4 fxe4 21. Qb5 Qc8 22. a4 Qd8 23. a5 bxa5 24. Ra1 a6 25. Qxa5 Ra7 26. Qxd8 Rxd8 27. Ra5 Rc8 28. Rfa1 Rc6 29. R1a4 f5 30. Nf4 Kf7 31. Ne6 Rb6 32. d5 Bc3 33. Rb5 axb5 34. Rxa7+ Kf6 35. Nf8 Kg5 36. Nd7 Ba5 37. Nxb6 Bxb6 38. Rb7 Bc5 39. cxb5 1-0

[Event "ITA-ch sf 66th"]
[Site "Cortina d'Ampezzo"]
[Date "2006.07.12"]
[Round "5.12"]
[White "Piva, Giorgio"]
[Black "Paglietti, Nicola"]
[Result "1/2-1/2"]
[WhiteElo "2129"]
[BlackElo "2293"]
[PlyCount "89"]
[EventDate "2006.07.09"]
[EventType "swiss"]
[EventRounds "9"]
[EventCountry "ITA"]
[SourceTitle "EXT 2023"]
[Source "ChessBase"]
[SourceDate "2022.10.05"]
[SourceVersion "1"]
[SourceVersionDate "2022.10.05"]
[SourceQuality "1"]

1. d4 d5 2. Bf4 Nf6 3. e3 g6 4. Nf3 Bg7 5. Be2 0-0 6. 0-0 c5 7. c3 Nc6 8. Nbd2 cxd4 9. exd4 Qb6 10. Qb3 Qxb3 11. Nxb3 b6 12. Ne5 Bb7 13. Rfe1 e6 14. Nxc6 Bxc6 15. Be5 Ne4 16. Bxg7 Kxg7 17. Bd3 Nd6 18. Nd2 Rfc8 19. Re2 Rc7 20. f4 Bb5 21. Bxb5 Nxb5 22. Nf3 Nd6 23. g3 b5 24. a3 a5 25. Ne5 Rb8 26. Nd3 Ne4 27. Kg2 h5 28. Kf3 Kf6 29. Ne5 g5 30. fxg5+ Kxg5 31. Nd3 Kf6 32. Ke3 Rh8 33. Rf1+ Ke7 34. Rf4 f5 35. Rh4 Kd6 36. Re1 Rg7 37. Nf4 Rb7 38. Ra1 Nf6 39. Kd3 Rg7 40. Re1 Ne4 41. Re2 Rgh7 42. Ng6 Rc8 43. Nf4 Rch8 44. Ng6 Rg8 45. Nf4 1/2-1/2

[Event "Imperia op-A 36th"]
[Site "Imperia"]
[Date "1994.09.09"]
[Round "7.10"]
[White "Paglietti, Nicola"]
[Black "Di Paolo, Raffaele"]
[Result "1-0"]
[WhiteElo "2325"]
[BlackElo "2245"]
[PlyCount "109"]
[EventDate "1994.09.03"]
[EventType "swiss"]
[EventRounds "9"]
[EventCountry "ITA"]
[SourceTitle "EXT 2024"]
[Source "ChessBase"]
[SourceDate "2023.10.10"]
[SourceVersion "1"]
[SourceVersionDate "2023.10.10"]
[SourceQuality "1"]

1. e4 e5 2. Nf3 Nc6 3. Bc4 Bc5 4. c3 Qe7 5. 0-0 d6 6. b4 Bb6 7. a4 a5 8. b5 Nd8 9. h3 Nf6 10. d3 0-0 11. Qe2 Kh8 12. Nh2 Ne6 13. Bxe6 fxe6 14. Be3 Bxe3 15. Qxe3 Bd7 16. Nd2 b6 17. g4 Ng8 18. d4 Rf4 19. dxe5 dxe5 20. Nc4 Qf6 21. Nb2 Qg6 22. f3 Qh6 23. Nd3 Raf8 24. Nxf4 exf4 25. Qf2 Qxh3 26. Rfd1 Bc8 27. Rd3 Nh6 28. Rad1 Nf7 29. c4 Kg8 30. c5 bxc5 31. Qxc5 Qh4 32. Qf2 Qg5 33. Rc3 Qe5 34. Qd4 Rd8 35. Qxd8+ Nxd8 36. Rxd8+ Kf7 37. Rc1 Kg6 38. Rxc8 Qd4+ 39. Kh1 Qxa4 40. R8xc7 Qxb5 41. Ra1 Qe5 42. Rcc1 Qb2 43. Rf1 Qe2 44. Ra3 Kg5 45. Rfa1 g6 46. Rxa5+ Kh4 47. Ra7 h5 48. gxh5 gxh5 49. R7a2 Qe3 50. Rg1 e5 51. Rag2 Kh3 52. Nf1 Qxf3 53. Nd2 h4 54. Nc4 Qg3 55. Rxg3+ 1-0

[Event "Imperia op-A 36th"]
[Site "Imperia"]
[Date "1994.09.05"]
[Round "3.9"]
[White "Paglietti, Nicola"]
[Black "Peters, Ortwin"]
[Result "1/2-1/2"]
[WhiteElo "2325"]
[BlackElo "2000"]
[PlyCount "32"]
[EventDate "1994.09.03"]
[EventType "swiss"]
[EventRounds "9"]
[EventCountry "ITA"]
[SourceTitle "EXT 2024"]
[Source "ChessBase"]
[SourceDate "2023.10.10"]
[SourceVersion "1"]
[SourceVersionDate "2023.10.10"]
[SourceQuality "1"]

1. e4 Nf6 2. e5 Nd5 3. c4 Nb6 4. c5 Nd5 5. Nc3 e6 6. Nxd5 exd5 7. d4 b6 8. cxb6 axb6 9. Nf3 Be7 10. Be3 0-0 11. Bd3 Ba6 12. 0-0 Bxd3 13. Qxd3 f5 14. a3 c6 15. Rac1 Qe8 16. Bg5 h6 1/2-1/2

[Event "Imperia op-A 36th"]
[Site "Imperia"]
[Date "1994.09.04"]
[Round "2.17"]
[White "Getta, Markus"]
[Black "Paglietti, Nicola"]
[Result "0-1"]
[WhiteElo "2055"]
[BlackElo "2325"]
[PlyCount "56"]
[EventDate "1994.09.03"]
[EventType "swiss"]
[EventRounds "9"]
[EventCountry "ITA"]
[SourceTitle "EXT 2024"]
[Source "ChessBase"]
[SourceDate "2023.10.10"]
[SourceVersion "1"]
[SourceVersionDate "2023.10.10"]
[SourceQuality "1"]

1. e4 e5 2. f4 exf4 3. Nf3 Be7 4. Bc4 d6 5. 0-0 Nf6 6. Nc3 0-0 7. d4 Nxe4 8. Nxe4 d5 9. Bd3 dxe4 10. Bxe4 Bd6 11. c4 c6 12. Qc2 h6 13. Bd2 Nd7 14. Bd3 Nf6 15. Ne5 g5 16. Bc3 Be6 17. g3 Bxe5 18. dxe5 Ng4 19. gxf4 Ne3 20. Qe2 gxf4 21. Kh1 Qh4 22. Rg1+ Kh8 23. Be1 Qh3 24. Bg3 Rad8 25. Bxf4 Bg4 26. Rxg4 Nxg4 27. Rg1 Qxd3 28. Qxg4 Rg8 0-1

[Event "Imperia op-A 36th"]
[Site "Imperia"]
[Date "1994.09.03"]
[Round "1.15"]
[White "Paglietti, Nicola"]
[Black "Sbarra, Marco"]
[Result "1/2-1/2"]
[WhiteElo "2337"]
[BlackElo "2032"]
[PlyCount "49"]
[EventDate "1994.09.03"]
[EventType "swiss"]
[EventRounds "9"]
[EventCountry "ITA"]
[SourceTitle "EXT 2024"]
[Source "ChessBase"]
[SourceDate "2023.10.10"]
[SourceVersion "1"]
[SourceVersionDate "2023.10.10"]
[SourceQuality "1"]

1. e4 e5 2. Nf3 d6 3. Bc4 Be7 4. 0-0 Nf6 5. d3 0-0 6. Re1 c6 7. Bb3 Nbd7 8. c3 h6 9. Nbd2 Nh7 10. d4 Re8 11. Nf1 Bf8 12. Ng3 g6 13. Be3 Qf6 14. Qd2 h5 15. h4 Nb6 16. Ng5 Nxg5 17. Bxg5 Qg7 18. f4 exf4 19. Qxf4 Be6 20. e5 dxe5 21. Qxe5 Qxe5 22. dxe5 Bxb3 23. axb3 Bg7 24. Bf6 Nd7 25. Ne4 1/2-1/2

[Event "New York ACC"]
[Site "New York"]
[Date "1993.??.??"]
[Round "3"]
[White "Vulicevic, Nenad"]
[Black "Paglietti, Nicola"]
[Result "1-0"]
[WhiteElo "2320"]
[BlackElo "2365"]
[PlyCount "73"]
[EventDate "1993.??.??"]
[EventType "tourn"]
[EventRounds "11"]
[EventCountry "USA"]
[EventCategory "3"]
[SourceTitle "EXT 1997"]
[Source "ChessBase"]
[SourceDate "1996.11.15"]
[SourceVersion "1"]
[SourceVersionDate "1996.11.15"]
[SourceQuality "1"]

1. e4 e5 2. Nf3 Nc6 3. Bb5 a6 4. Ba4 Nf6 5. 0-0 Be7 6. Re1 b5 7. Bb3 d6 8. c3 0-0 9. h3 Na5 10. Bc2 c5 11. d4 Nc6 12. a4 Bb7 13. d5 Nb8 14. b3 Nbd7 15. Qe2 Qa5 16. Bd2 c4 17. b4 Qc7 18. Na3 Nb6 19. axb5 a5 20. Reb1 Nfd7 21. g4 Ra7 22. Bd1 axb4 23. cxb4 Rfa8 24. Bc1 Nf8 25. Ne1 Ng6 26. Ng2 Bf6 27. Nc2 Na4 28. Qf3 Nb6 29. Rxa7 Rxa7 30. g5 Bd8 31. h4 Qd7 32. Na3 f5 33. gxf6 Bxf6 34. h5 Nf8 35. Ne3 g6 36. Qxf6 gxh5 37. Nf5 1-0

[Event "New York ACC"]
[Site "New York"]
[Date "1993.??.??"]
[Round "10"]
[White "Winslow, Elliott C"]
[Black "Paglietti, Nicola"]
[Result "1-0"]
[WhiteElo "2280"]
[BlackElo "2365"]
[PlyCount "91"]
[EventDate "1993.??.??"]
[EventType "tourn"]
[EventRounds "11"]
[EventCountry "USA"]
[EventCategory "3"]
[SourceTitle "EXT 1997"]
[Source "ChessBase"]
[SourceDate "1996.11.15"]
[SourceVersion "1"]
[SourceVersionDate "1996.11.15"]
[SourceQuality "1"]

1. d4 Nf6 2. c4 g6 3. Nc3 d5 4. cxd5 Nxd5 5. e4 Nxc3 6. bxc3 Bg7 7. Bc4 c5 8. Ne2 Nc6 9. Be3 0-0 10. Rc1 cxd4 11. cxd4 Qa5+ 12. Kf1 Nd8 13. h4 b5 14. Bb3 Bb7 15. f3 e5 16. dxe5 Rc8 17. h5 Ne6 18. hxg6 hxg6 19. Qd7 Rxc1+ 20. Nxc1 Bc8 21. Qxa7 Qc3 22. Kf2 Qxe5 23. Ne2 Qb2 24. Rd1 Qf6 25. Qb6 Bh6 26. Rh1 Bxe3+ 27. Qxe3 Rd8 28. e5 Qf5 29. g4 Qg5 30. Qxg5 Nxg5 31. Rd1 Rxd1 32. Bxd1 Ne6 33. a3 Kf8 34. Ke3 Ke7 35. Nc3 Bd7 36. Be2 Nc7 37. Kd4 Ne6+ 38. Kd5 Nf4+ 39. Kc5 Ke6 40. Bxb5 Bxb5 41. Kxb5 Kxe5 42. a4 Kd4 43. a5 Ne6 44. Kb6 Nc5 45. Ne4 Nd7+ 46. Kc7 1-0

[Event "World op 18th"]
[Site "Philadelphia"]
[Date "1990.??.??"]
[Round "8"]
[White "Frankle, Jon"]
[Black "Paglietti, Nicola"]
[Result "1/2-1/2"]
[WhiteElo "2240"]
[BlackElo "2350"]
[PlyCount "120"]
[EventDate "1990.06.??"]
[EventType "swiss"]
[EventRounds "9"]
[EventCountry "USA"]
[SourceTitle "EXT 1997"]
[Source "ChessBase"]
[SourceDate "1996.11.15"]
[SourceVersion "1"]
[SourceVersionDate "1996.11.15"]
[SourceQuality "1"]

1. e4 e5 2. Bc4 Nc6 3. Nc3 Nf6 4. f4 exf4 5. Nf3 d6 6. d4 Bg4 7. Bxf4 Bxf3 8. gxf3 Nh5 9. Be3 Be7 10. f4 Bh4+ 11. Kd2 Nf6 12. Qf3 Qd7 13. Rag1 g6 14. Kc1 0-0-0 15. Bxf7 Qxf7 16. d5 Na5 17. Qh3+ Kb8 18. Qxh4 c5 19. f5 Nd7 20. fxg6 hxg6 21. Qg3 Nc4 22. Bg5 Rdf8 23. b3 Nce5 24. Nb5 Qg7 25. Rf1 Rxf1+ 26. Rxf1 Rf8 27. Rxf8+ Qxf8 28. Qf4 Nf7 29. Bh4 Nde5 30. Qf6 a6 31. Nc3 Qh6+ 32. Kb1 Qe3 33. Na4 Qxe4 34. Nb6 Qb4 35. Nd7+ Nxd7 36. Qxf7 Qxh4 37. Qxd7 Qxh2 38. Qe8+ Ka7 39. Qxg6 Qh1+ 40. Kb2 Qxd5 41. Kb1 Qd1+ 42. Kb2 Qd4+ 43. Kb1 a5 44. Qe8 Qb4 45. c4 a4 46. Kb2 a3+ 47. Kc2 Qb6 48. Qe1 Qc7 49. Qe8 Qh7+ 50. Kd2 Qh2+ 51. Kd3 Qg3+ 52. Kd2 Qg2+ 53. Kd3 Qxa2 54. Qa4+ Kb8 55. Qe8+ Ka7 56. Qa4+ Kb6 57. Qb5+ Kc7 58. Qa5+ Kd7 59. Qb5+ Kd8 60. Qa5+ Ke8 1/2-1/2

[Event "World op 18th"]
[Site "Philadelphia"]
[Date "1990.??.??"]
[Round "7"]
[White "Paglietti, Nicola"]
[Black "Milicevic, Miodrag"]
[Result "0-1"]
[WhiteElo "2350"]
[BlackElo "2300"]
[PlyCount "72"]
[EventDate "1990.06.??"]
[EventType "swiss"]
[EventRounds "9"]
[EventCountry "USA"]
[SourceTitle "EXT 1997"]
[Source "ChessBase"]
[SourceDate "1996.11.15"]
[SourceVersion "1"]
[SourceVersionDate "1996.11.15"]
[SourceQuality "1"]

1. e4 e5 2. Nf3 Nc6 3. Bc4 Nf6 4. d3 Be7 5. 0-0 0-0 6. Nc3 d6 7. h3 Na5 8. Qe2 c6 9. Bb3 Re8 10. d4 Nxb3 11. axb3 exd4 12. Nxd4 Bf8 13. Qd3 Nd7 14. Nde2 Nc5 15. Qf3 Qh4 16. Ng3 g6 17. Bf4 g5 18. Be3 g4 19. Qf4 Be7 20. b4 Na6 21. Nf5 Bxf5 22. g3 Qg5 23. exf5 Qxf4 24. Bxf4 Nxb4 25. hxg4 Nxc2 26. Ra4 d5 27. g5 a5 28. Rc1 b5 29. Rxc2 bxa4 30. Nxa4 Ra6 31. Be3 Rb8 32. f6 Bf8 33. Nc5 Bxc5 34. Bxc5 Rb5 35. Ba3 d4 36. f4 d3 0-1

[Event "World op 18th"]
[Site "Philadelphia"]
[Date "1990.??.??"]
[Round "1"]
[White "Paglietti, Nicola"]
[Black "Strenzwilk, Denis"]
[Result "1-0"]
[WhiteElo "2350"]
[BlackElo "2235"]
[PlyCount "91"]
[EventDate "1990.06.??"]
[EventType "swiss"]
[EventRounds "9"]
[EventCountry "USA"]
[SourceTitle "EXT 1997"]
[Source "ChessBase"]
[SourceDate "1996.11.15"]
[SourceVersion "1"]
[SourceVersionDate "1996.11.15"]
[SourceQuality "1"]

1. e4 d5 2. exd5 Nf6 3. d4 Nxd5 4. c4 Nb6 5. Be3 Nc6 6. Nf3 Bg4 7. Be2 e6 8. 0-0 Bxf3 9. Bxf3 Nxc4 10. Bxc6+ bxc6 11. Qa4 Nb6 12. Qxc6+ Qd7 13. Qxd7+ Kxd7 14. Nc3 Bb4 15. Ne4 Nd5 16. Bd2 Rhb8 17. b3 a5 18. Rfc1 f5 19. Bxb4 fxe4 20. Bc5 a4 21. bxa4 Rxa4 22. Re1 Rb2 23. a3 Nf6 24. h3 Kc6 25. Bf8 Kd5 26. Rac1 Nd7 27. Bxg7 c6 28. Rc3 Rc4 29. Rxc4 Kxc4 30. Rxe4 Rb1+ 31. Kh2 Kd5 32. Rh4 Rb7 33. Bh8 Nf8 34. Rh5+ Kd6 35. Be5+ Ke7 36. h4 Ra7 37. Rg5 Rxa3 38. Rg7+ Ke8 39. Bd6 Ra2 40. f3 Ra5 41. Rg8 Rf5 42. Kg3 Rf6 43. Rxf8+ Rxf8 44. Bxf8 Kxf8 45. Kf4 h5 46. Ke5 1-0

[Event "Imperia op 30th"]
[Site "Imperia"]
[Date "1988.09.04"]
[Round "1.20"]
[White "Colombo, Alberto E"]
[Black "Paglietti, Nicola"]
[Result "1/2-1/2"]
[WhiteElo "2029"]
[BlackElo "2201"]
[PlyCount "152"]
[EventDate "1988.09.04"]
[EventType "swiss"]
[EventRounds "8"]
[EventCountry "ITA"]
[SourceTitle "EXT 2024"]
[Source "ChessBase"]
[SourceDate "2023.10.10"]
[SourceVersion "1"]
[SourceVersionDate "2023.10.10"]
[SourceQuality "1"]

1. e4 e5 2. Nf3 Nc6 3. Bc4 Bc5 4. c3 Nf6 5. d4 exd4 6. cxd4 Bb4+ 7. Bd2 Bxd2+ 8. Nbxd2 Nxe4 9. Nxe4 d5 10. Bxd5 Qxd5 11. 0-0 0-0 12. Nc3 Qh5 13. Ne5 Qxd1 14. Raxd1 Nxe5 15. dxe5 Be6 16. Rd4 Rfd8 17. Rfd1 Rxd4 18. Rxd4 Kf8 19. f4 a6 20. Kf2 b5 21. a3 Rc8 22. Ke3 c5 23. Rd2 b4 24. axb4 cxb4 25. Ne4 a5 26. f5 Bb3 27. f6 gxf6 28. exf6 Be6 29. Nc5 Ke8 30. Nb7 Ra8 31. Rd4 Bd7 32. Nc5 Bc6 33. Rg4 Kd8 34. Rg7 Be8 35. b3 Kc7 36. Rxh7 Kd6 37. Kd4 Rc8 38. Rh5 Bc6 39. g3 Re8 40. h4 Re1 41. Rg5 Rd1+ 42. Nd3 a4 43. bxa4 Bxa4 44. Ke3 b3 45. Nb2 Re1+ 46. Kd2 Re4 47. Nxa4 Rxa4 48. Rb5 Ke6 49. Ke3 Kxf6 50. Rxb3 Kg6 51. Rd3 Ra1 52. Kf4 Ra4+ 53. Kf3 Ra1 54. g4 Rf1+ 55. Kg3 f6 56. Rf3 Ra1 57. Re3 Ra4 58. Re7 Ra3+ 59. Kf4 Ra4+ 60. Re4 Ra1 61. h5+ Kf7 62. Rb4 Rf1+ 63. Ke4 Re1+ 64. Kf5 Rf1+ 65. Rf4 Re1 66. Rc4 Rf1+ 67. Ke4 Re1+ 68. Kd5 Re5+ 69. Kd4 Rg5 70. Ke3 f5 71. Rc7+ Kg8 72. Kf4 Rxg4+ 73. Kxf5 Rg1 74. Kf6 Rg2 75. Rc6 Rg1 76. Kf5 Kh7 1/2-1/2